Sporcle Categorical Literature: Children's Books Quiz Stats

 Plays Quiz Updated Mar 5, 2018

Challenge
Share
Tweet
Embed
Score 0/45 Timer 06:00
0 Plays Today
Category Missing Word % Correct
Geography
Fictional Lands
Wonderland
98.5%
Geography
Fictional Lands
Oz
98.1%
Television
Animated Dr. Seuss
Cat
96.7%
Television
Animated Dr. Seuss
Grinch
96.2%
Movies
Movies Based on Roald Dahl Books
Charlie
95.5%
Gaming
Teddy Bears
Winnie
94.7%
Movies
Movies Based on Roald Dahl Books
James
93.8%
History
British/Scottish Kings
George
93.7%
Television
Animated Dr. Seuss
Horton
92.2%
Entertainment
Fairy Tales Adapted to Live-Action Films
Hood
91.6%
Entertainment
Fairy Tales Adapted to Live-Action Films
Snow
91.5%
Entertainment
Fairy Tales Adapted to Live-Action Films
Hansel
89.7%
Miscellaneous
Baby Girl Names
Pippi
89.7%
Literature
Story Formats
Diary
89.4%
Music
Books Based on John Denver Songs
Home
88.9%
Language
Begins and Ends
Go
88.2%
Holiday
Christmas _____
Time
86.5%
Just for Fun
3-Letter Word Ladder
Pet
85.8%
Movies
Movies Based on Roald Dahl Books
Fox
84.5%
Holiday
Christmas _____
Tree
84%
Science
Animals
Fish
83.5%
Religion
Saints
Anne
82.8%
Religion
Saints
Peter
82.4%
Category Missing Word % Correct
Language
Begins and Ends
Little
82.1%
Just for Fun
3-Letter Word Ladder
Let
80.8%
Science
Animals
Cow
79.9%
Science
Animals
Caterpillar
79.8%
Sports
Baseball Terms
Runner
77.6%
Language
Begins and Ends
Mother
76%
Miscellaneous
Baby Girl Names
Harriet
72.7%
Literature
Story Formats
Tale
68.8%
Geography
Fictional Lands
Terabithia
68.2%
Holiday
Christmas _____
Cookie
63.6%
Just for Fun
3-Letter Word Ladder
Pat
51.6%
Miscellaneous
Baby Girl Names
Ramona
50.4%
History
British/Scottish Kings
John
48.4%
Literature
Story Formats
Book
47.2%
History
British/Scottish Kings
Alexander
45.7%
Music
Books Based on John Denver Songs
Sunshine
43%
Gaming
Teddy Bears
Paddington
40.8%
Music
Books Based on John Denver Songs
Bed
40.2%
Gaming
Teddy Bears
Corduroy
23.9%
Sports
Baseball Terms
Out
18.9%
Religion
Saints
Frances
16.3%
Sports
Baseball Terms
Shortstop
2.8%

You're not logged in!

Compare scores with friends on all Sporcle quizzes.
Join for Free
OR
Log In

You Might Also Like...

Show Comments

Extras

Top Quizzes Today


Score Distribution

Your Account Isn't Verified!

In order to create a playlist on Sporcle, you need to verify the email address you used during registration. Go to your Sporcle Settings to finish the process.

Report this User

Report this user for behavior that violates our Community Guidelines.

Details: